00305cam a22000977a 4500008004000000082001300040100002300053245008400076260003600160300001100196180718b1962 xxu||||| |||| 00| 0 eng d aC41 Un3s aSanta Cruz, Hernam aStudy of discrimination in the matter of political rightscby Hernam Santa Cruz aNew DelhibUnited Nationsc1962 a105+p.